Famous Belgians by Picture - Statistics

General Stats
  • This quiz has been taken 118 times
  • The average score is 7 of 16
Answer Stats
Picture Hint Answer % Correct
1991– Eden Hazard
73%
1991– Kevin De Bruyne
71%
1993– Romelu Lukaku
71%
1960– Jean-Claude Van Damme
70%
1945– Eddy Merckx
55%
1985– Stromae
54%
1983– Kim Clijsters
46%
1929–1978 Jacques Brel
44%
1982– Justine Henin
40%
1898–1967 René Magritte
37%
1975– Charles Michel
35%
1907–1983 Hergé
30%
1922–2016 Toots Thielemans
15%
1903–1989 Georges Simenon
14%
1970– Lara Fabian
14%
1950–2015 Chantal Akerman
6%
No matching quizzes found
Score Distribution
Percent of People with Each Score
Percentile by Number Answered
Your Score History
You have not taken this quiz